000 00611nam a22001937a 4500
999 _c196870
_d196870
005 20230804144849.0
010 _aENG-137677
020 _a9789392080647
_c595.00
035 _aEN-121209
037 _bDBAD/PUB
082 _a320.12
100 _aSiddhartha, K.
245 _aGeopolitics; Decoding Intents, Narrative,Lies and future
_cby K. Siddhartha
260 _aNew Delhi
_bKitab Mahal
_c2023
270 _a4655/21,Ansari Road(G.F.) Daryaganj
_bNew Delhi
_mkitab_mahal@hotmail.com
_e110002
300 _a436p.
_c21cm(Pbk)
700 _aShah, Ankit
942 _2ddc
_cEN
_h320.12
_mSID